International politics / (Record no. 16685)

MARC details
000 -LEADER
fixed length control field 00838 a2200241 4500
005 - DATE AND TIME OF LATEST TRANSACTION
control field 20081014123653.0
008 - FIXED-LENGTH DATA ELEMENTS--GENERAL INFORMATION
fixed length control field 081014t xxu||||| |||| 00| 0 eng d
010 ## - LCCN (DPL NO)
LC control number ENG-91309
020 ## - INTERNATIONAL STANDARD BOOK NUMBER
International Standard Book Number 9788189913885
Terms of availability 650.00
035 ## - SYSTEM CONTROL NUMBER
System control number EN-74842
037 ## - SOURCE OF ACQUISITION
Source of stock number/acquisition DBAD / PUB
040 ## - CATALOGING SOURCE
Original cataloging agency dpl
Language of cataloging English
082 ## - DEWEY DECIMAL CLASSIFICATION NUMBER
Classification number 327
245 ## - TITLE STATEMENT
Title International politics /
Statement of responsibility, etc edited by Gyanender Singh
260 ## - PUBLICATION, DISTRIBUTION, ETC. (IMPRINT)
Place of publication, distribution, etc New Delhi
Name of publisher, distributor, etc Alfa Publications
Date of publication, distribution, etc 2008
270 ## - ADDRESS
Address 4398/5, Ansari Road, Darya Ganj
City New Delhi
State or province Delhi
Postal code 110002
300 ## - PHYSICAL DESCRIPTION
Extent vi, 296 p
Dimensions 22 cm (Hb)
500 ## - GENERAL NOTE
General note Includes index
650 ## - SUBJECT ADDED ENTRY--TOPICAL TERM
Topical term or geographic name as entry element International relations
700 ## - ADDED ENTRY--PERSONAL NAME
Personal name Gyanender Singh
942 ## - ADDED ENTRY ELEMENTS (KOHA)
Institution code [OBSOLETE] dpl
Item type English Books
Source of classification or shelving scheme Dewey Decimal Classification
Call number suffix INT
Classification part 327
Holdings
Withdrawn status Lost status Source of classification or shelving scheme Damaged status Not for loan Collection code Home library Current library Date acquired Source of acquisition Cost, normal purchase price Total Checkouts Full call number Barcode Date last seen Copy number Cost, replacement price Koha item type
    Dewey Decimal Classification   Not For Loan Non-fiction D.B.Act.Division D.B.Act.Division 14/10/2008 DBAD / PUB 650.00   327INT EN-74842 14/10/2008 1 650.00 English Books

© Delhi Public Library
Hit Counter
free hit counter